000 00445nam a2200169Ia 4500
003 GCL
008 140319s9999 xx 000 0 ara d
040 _aGCL /
_cGCL
082 0 4 _a819.9
_bع ا
245 1 0 _aابو نواس : الحسن بن هانى
300 _a154ص
490 _a
650 0 4 _aالادب العربى
650 0 4 _aابونواس، الحسن بن هانى
650 0 4 _aالشعراء - تراجم
942 _2ddc
_cBK
999 _c43057
_d43057